| 000 | 01358cam a22003857a 4500 | ||
|---|---|---|---|
| 001 | 16058807 | ||
| 003 | OSt | ||
| 005 | 20260406115803.0 | ||
| 008 | 091228s2010 ii ab b 001 0 eng d | ||
| 010 | _a 2010316096 | ||
| 020 | _a9788173048135 | ||
| 020 | _a8173048134 | ||
| 025 | _aI-E-2010-316096; 07-92 | ||
| 035 | _a16058807 | ||
| 035 | _a(OCoLC)495646654 | ||
| 037 |
_aLibrary of Congress -- New Delhi Overseas Office _cRs995.00 |
||
| 040 |
_aDKAGE _beng _cDKAGE _dDLC |
||
| 041 | 1 |
_aeng _aori _hori |
|
| 042 |
_alccopycat _alcode |
||
| 050 | 0 | 0 |
_aMLCM 2009/00188 (P) _aPK2579.B4833 |
| 050 | 4 |
_aPK2579.B4833 _bA2 2010 |
|
| 082 | 0 | 4 |
_a891.45614 _222 |
| 100 | 0 |
_aBhima Bhoi, _d1852-1895. _91234108 |
|
| 240 | 1 | 0 |
_aPoems. _kSelections. _lEnglish & Oriya |
| 245 | 1 | 0 |
_aBhima Bhoi, verses from the void : _bmystic poetry of an Oriya saint / _cedited by Bettina Bäumer and Johannes Beltz, in collaboration with Sadananda Das ... [et al.]. |
| 260 |
_aNew Delhi : _bManohar Publishers & Distributors, _c2010. |
||
| 300 | _a407p. | ||
| 490 | 0 |
_aStudies in Orissan society, culture, and history ; _vv. 9 |
|
| 600 | 0 | 0 |
_aBhima Bhoi, _91234109 |
| 651 | _aIndia | ||
| 655 | 7 |
_aPoetry. _2lcgft _0https://id.loc.gov/authorities/genreForms/gf2014026481 _9809257 |
|
| 700 | 1 |
_aBäumer, Bettina, _91234110 |
|
| 942 |
_2CC _cTEXL _n0 |
||
| 999 |
_c1847975 _d1847975 |
||